000 00705cam a22002294a 4500
001 14914801
005 20180813035631.0
008 070703s2008 mnua j b 001 0 eng
010 _a 2007027633
020 _a9780822575160 (lib. bdg. : alk. paper)
040 _aDLC
_cDLC
_dDLC
041 _aeng
080 _a776
082 0 0 _a776
_222
100 1 _a44
101 _aART
245 1 0 _aDigital art :
_cRon Miller.
504 _aIncludes bibliographical references (p. 112) and index.
906 _a7
_bcbc
_corignew
_d1
_eecip
_f20
_gy-gencatlg
942 _2ddc
_cBK
999 _c47007
_d47007